00535nam a2200181Ia 4500003000900000008004100009020001800050040001600068080001800084100001600102245009900118260003000217300000900247650002700256650002100283650002800304650002100332IN-BaIIA211028s9999 xx 000 0 eng d a0-85274-284-3 cIIA Library a535.33bVAR-2 aVarsanyi, G 0aAssignments for vibrational spectra of seven hundred Benzene Derivatives,bvol. 2cG. Varsanyi aLondonbAdam Hilgerc1974 a668p a Benzene Deriatives  a Spectroscopy  a Vibrational Spectra  aNASA Thesaurus